[Event "Backa Topola-ch"]
[Site "Backa Topola"]
[Date "2010.12.03"]
[Round "8"]
[White "Deak, Jozsef"]
[Black "Ikras, Djura"]
[Result "1/2-1/2"]
[WhiteElo "1954"]
[BlackElo "2096"]
[PlyCount "125"]
[EventDate "2010.11.17"]
[EventType "swiss"]
[EventRounds "9"]
[EventCountry "SRB"]
[SourceTitle "EXT 2019"]
[Source "ChessBase"]
[SourceDate "2018.10.10"]
[SourceVersion "1"]
[SourceVersionDate "2018.10.10"]
[SourceQuality "1"]

1. d4 d5 2. c4 e6 3. Nc3 Nf6 4. Nf3 Nbd7 5. e3 c6 6. a3 Bd6 7. Bd3 0-0 8. 0-0 Re8 9. Qc2 Qe7 10. e4 dxe4 11. Nxe4 Nxe4 12. Bxe4 Nf6 13. Bg5 h6 14. Bh4 c5 15. dxc5 Bxc5 16. b4 Bd6 17. c5 Bf4 18. Rad1 g5 19. Bg3 Qc7 20. Nd4 a6 21. a4 Rb8 22. Rfe1 Bd7 23. Bxf4 Qxf4 24. b5 axb5 25. axb5 e5 26. Nf5 Bxf5 27. Bxf5 e4 28. Bd7 Re7 29. c6 bxc6 30. bxc6 Qc7 31. Qd2 Rd8 32. Qb4 Re5 33. Qd4 Kg7 34. f3 Rd5 35. Qa1 Rxd1 36. Rxd1 exf3 37. gxf3 Qb6+ 38. Kg2 Qe3 39. Qb2 Qf4 40. Rd5 g4 41. Rf5 gxf3+ 42. Kf1 Qd6 43. Rxf3 Rb8 44. Qa1 Rb4 45. c7 Rf4 46. c8Q Rxf3+ 47. Kg1 Rd3 48. Bg4 Rd2 49. Be2 Qb6+ 50. Kf1 Rb2 51. Qf5 Qd4 52. Qa6 Rb6 53. Qad3 Qa1+ 54. Bd1 Re6 55. Qg3+ Kf8 56. Qc5+ Re7 57. Qgd6 Ng8 58. Qc8+ Kg7 59. Qg4+ Kh8 60. Qd8 Qf6+ 61. Qf3 Re1+ 62. Kxe1 Qxd8 63. Qxf7 1/2-1/2

[Event "Backa Topola-ch"]
[Site "Backa Topola"]
[Date "2010.11.26"]
[Round "5"]
[White "Ikras, Djura"]
[Black "Vucic, Milut"]
[Result "1-0"]
[WhiteElo "2096"]
[BlackElo "1866"]
[PlyCount "69"]
[EventDate "2010.11.17"]
[EventType "swiss"]
[EventRounds "9"]
[EventCountry "SRB"]
[SourceTitle "EXT 2019"]
[Source "ChessBase"]
[SourceDate "2018.10.10"]
[SourceVersion "1"]
[SourceVersionDate "2018.10.10"]
[SourceQuality "1"]

1. Nf3 Nf6 2. c4 e6 3. d4 c5 4. d5 exd5 5. cxd5 d6 6. Nc3 a6 7. a4 g6 8. e4 Bg7 9. h3 0-0 10. Bd3 Nbd7 11. 0-0 Re8 12. Re1 Qc7 13. Bc4 Nb6 14. Bf1 c4 15. Bf4 Nbd7 16. Nd2 Nh5 17. Bh2 Ne5 18. g4 Nf6 19. Bxe5 dxe5 20. Nxc4 Bd7 21. Qb3 Bf8 22. Qb6 Qc5 23. Qxf6 b5 24. Nxe5 Rxe5 25. Qxe5 Bg7 26. Qg3 b4 27. Ne2 Bxb2 28. Rab1 Bg7 29. Rec1 Qa5 30. Qc7 Qxa4 31. Qb7 Rd8 32. Rxb4 Qa2 33. Rc7 Qd2 34. Rxd7 Rxd7 35. Qc8+ 1-0

[Event "Subotica-ch"]
[Site "Subotica"]
[Date "2010.03.10"]
[Round "9"]
[White "Ikras, Djura"]
[Black "Petrekanovic, Miroslav"]
[Result "0-1"]
[WhiteElo "2092"]
[BlackElo "2146"]
[PlyCount "130"]
[EventDate "2010.02.17"]
[EventType "swiss"]
[EventRounds "9"]
[EventCountry "SRB"]
[SourceTitle "EXT 2019"]
[Source "ChessBase"]
[SourceDate "2018.10.10"]
[SourceVersion "1"]
[SourceVersionDate "2018.10.10"]
[SourceQuality "1"]

1. d4 d5 2. c4 Nc6 3. Nf3 Bg4 4. e3 e5 5. Qb3 Bxf3 6. gxf3 Bb4+ 7. Bd2 Bxd2+ 8. Nxd2 exd4 9. 0-0-0 Nge7 10. cxd5 Qxd5 11. Bc4 Qf5 12. Qxb7 0-0 13. Qb5 dxe3 14. fxe3 Qf6 15. Qc5 Rab8 16. Bb3 Nb4 17. Ne4 Nxa2+ 18. Kc2 Nb4+ 19. Qxb4 Rxb4 20. Nxf6+ gxf6 21. Rd3 Rfb8 22. Ra1 R4b7 23. Ra2 Nc6 24. Rd7 Nb4+ 25. Kc3 Nxa2+ 26. Bxa2 c6 27. Rd6 Rxb2 28. Bc4 R2b6 29. Rxf6 R8b7 30. Rf5 Kg7 31. Rg5+ Kf6 32. Rh5 Kg6 33. Rh4 f5 34. Rd4 c5 35. Rd5 Rc7 36. Bd3 Rf6 37. Kc4 Kg5 38. h4+ Kg6 39. e4 fxe4 40. Bxe4+ Kg7 41. Rh5 h6 42. Rd5 Rb6 43. Rd8 Rb4+ 44. Kc3 a5 45. Rd6 h5 46. Rg6+ Kf8 47. Ra6 a4 48. Bc2 Rf7 49. Ra8+ Kg7 50. Be4 Rc7 51. Ra6 Rc8 52. Rg6+ Kf8 53. Rh6 Rcb8 54. Rxh5 a3 55. Rxc5 Ra4 56. Rf5+ Ke7 57. Re5+ Kf6 58. Rf5+ Ke6 59. Rg5 a2 60. Bd5+ Kf6 61. Bxa2 Rxa2 62. Kd4 Ra4+ 63. Ke3 Rxh4 64. Ra5 Rb3+ 65. Kf2 Rf4 0-1

[Event "Subotica-ch"]
[Site "Subotica"]
[Date "2010.03.05"]
[Round "8"]
[White "Nadj Hedjesi, Balind"]
[Black "Ikras, Djura"]
[Result "1/2-1/2"]
[WhiteElo "2415"]
[BlackElo "2092"]
[PlyCount "53"]
[EventDate "2010.02.17"]
[EventType "swiss"]
[EventRounds "9"]
[EventCountry "SRB"]
[SourceTitle "EXT 2019"]
[Source "ChessBase"]
[SourceDate "2018.10.10"]
[SourceVersion "1"]
[SourceVersionDate "2018.10.10"]
[SourceQuality "1"]

1. e4 c5 2. Ne2 e6 3. d4 cxd4 4. Nxd4 a6 5. Nc3 Qc7 6. a3 b5 7. Be2 Bb7 8. 0-0 Nf6 9. Bf3 Nc6 10. Nxc6 Bxc6 11. Re1 Bd6 12. Nd5 Bxd5 13. exd5 Rc8 14. g3 0-0 15. c3 a5 16. Be3 b4 17. axb4 axb4 18. Ra7 Qd8 19. Ra6 Ne8 20. Qd3 bxc3 21. bxc3 e5 22. Bb6 Qg5 23. Ra7 f5 24. Bg2 e4 25. Qe3 Qxe3 26. Bxe3 Nf6 27. Bd4 1/2-1/2

[Event "Subotica-ch"]
[Site "Subotica"]
[Date "2010.02.24"]
[Round "4"]
[White "Kumic, Filip"]
[Black "Ikras, Djura"]
[Result "1-0"]
[WhiteElo "1969"]
[BlackElo "2092"]
[PlyCount "129"]
[EventDate "2010.02.17"]
[EventType "swiss"]
[EventRounds "9"]
[EventCountry "SRB"]
[SourceTitle "EXT 2019"]
[Source "ChessBase"]
[SourceDate "2018.10.10"]
[SourceVersion "1"]
[SourceVersionDate "2018.10.10"]
[SourceQuality "1"]

1. d4 d5 2. c4 e6 3. Nc3 Nf6 4. Bg5 Nbd7 5. e3 Bb4 6. Qb3 c5 7. a3 Qa5 8. Rc1 Bxc3+ 9. Qxc3 Qxc3+ 10. bxc3 0-0 11. Nf3 Ne4 12. Bf4 Ndf6 13. Nd2 b6 14. Nxe4 Nxe4 15. f3 Nf6 16. dxc5 bxc5 17. Bd6 Re8 18. Bxc5 Ba6 19. cxd5 Bxf1 20. Rxf1 Rac8 21. Bb4 Nxd5 22. Ke2 Nb6 23. Ra1 Nc4 24. a4 a5 25. Ba3 Red8 26. Bc1 Rb8 27. Rd1 Rdc8 28. Kd3 Nb6 29. e4 h6 30. Bf4 Rb7 31. Kc2 Nc4 32. Rdb1 Rxb1 33. Kxb1 f5 34. exf5 exf5 35. Kc2 g5 36. Bg3 Ne3+ 37. Kd3 f4 38. Bf2 Rd8+ 39. Ke2 Nxg2 40. Rg1 Re8+ 41. Kd3 Ne3 42. h4 Kf7 43. hxg5 h5 44. Re1 Rd8+ 45. Ke2 Nf5 46. c4 h4 47. Rh1 Rh8 48. Rh3 Kg6 49. c5 Kxg5 50. Kd3 Rd8+ 51. Kc4 Rd2 52. Be1 Ne3+ 53. Kb5 Rb2+ 54. Kxa5 Nc4+ 55. Ka6 Ra2 56. Bxh4+ Kf5 57. Kb5 Ne5 58. Bd8 Rb2+ 59. Ka6 Rc2 60. Bb6 Rc3 61. Kb7 Nxf3 62. c6 Kg4 63. Rh1 Ne5 64. c7 Nc4 65. c8Q+ 1-0

[Event "Subotica-ch"]
[Site "Subotica"]
[Date "2008.02.25"]
[Round "4"]
[White "Gabric, Goran"]
[Black "Ikras, Djura"]
[Result "1-0"]
[WhiteElo "2023"]
[BlackElo "2124"]
[PlyCount "91"]
[EventDate "2008.02.18"]
[EventType "swiss"]
[EventRounds "9"]
[EventCountry "YUG"]
[SourceTitle "CBM 123 Extra"]
[Source "ChessBase"]
[SourceDate "2008.05.06"]
[SourceVersion "1"]
[SourceVersionDate "2008.05.06"]
[SourceQuality "1"]

1. e4 c5 2. Nc3 Nc6 3. g3 g6 4. Bg2 Bg7 5. d3 d6 6. Be3 e5 7. Qd2 Be6 8. Nge2 Nd4 9. 0-0 Qd7 10. Nd1 Bh3 11. c3 Bxg2 12. Kxg2 Nxe2 13. Qxe2 Ne7 14. f4 0-0 15. fxe5 Bxe5 16. Bh6 Bg7 17. Bxg7 Kxg7 18. Ne3 f5 19. exf5 Nxf5 20. Nxf5+ Rxf5 21. Rxf5 gxf5 22. Re1 Rf8 23. Qe7+ Qxe7 24. Rxe7+ Rf7 25. Rxf7+ Kxf7 26. Kf3 Kf6 27. Kf4 h6 28. d4 b6 29. dxc5 dxc5 30. a4 a5 31. c4 Ke6 32. g4 fxg4 33. Kxg4 Kf6 34. Kf4 Ke6 35. Ke4 h5 36. h4 Kf6 37. Kf4 Ke6 38. Kg5 Ke5 39. Kxh5 Kd4 40. Kg4 Kxc4 41. h5 Kb3 42. h6 Kxb2 43. h7 c4 44. h8Q+ c3 45. Kf3 Kb3 46. Ke3 1-0

[Event "Subotica-ch"]
[Site "Subotica"]
[Date "2008.02.22"]
[Round "3"]
[White "Ikras, Djura"]
[Black "Mamuzic, Mirko"]
[Result "0-1"]
[WhiteElo "2124"]
[BlackElo "2269"]
[PlyCount "60"]
[EventDate "2008.02.18"]
[EventType "swiss"]
[EventRounds "9"]
[EventCountry "YUG"]
[SourceTitle "CBM 123 Extra"]
[Source "ChessBase"]
[SourceDate "2008.05.06"]
[SourceVersion "1"]
[SourceVersionDate "2008.05.06"]
[SourceQuality "1"]

1. d4 Nf6 2. c4 c5 3. d5 e6 4. Nc3 exd5 5. cxd5 d6 6. e4 g6 7. h3 Bg7 8. Nf3 0-0 9. Bd3 a6 10. a4 Re8 11. 0-0 Nbd7 12. Re1 h6 13. Bf4 Nf8 14. Qd2 g5 15. Bh2 g4 16. hxg4 Nxg4 17. Bg3 Ng6 18. Nh2 Nxh2 19. Bxh2 Ne5 20. Be2 Rb8 21. a5 b5 22. axb6 Rxb6 23. Bf4 Qf6 24. Ra2 Qg6 25. Qe3 Bg4 26. Bxg4 Nxg4 27. Qd3 Bd4 28. Bg3 Reb8 29. Rxa6 Rxb2 30. Nd1 R2b3 0-1

[Event "Senta op-A 11th"]
[Site "Senta"]
[Date "2007.07.27"]
[Round "9"]
[White "Pantelic, Sasa"]
[Black "Ikras, Djura"]
[Result "1-0"]
[WhiteElo "2229"]
[BlackElo "2126"]
[PlyCount "85"]
[EventDate "2007.07.21"]
[EventType "swiss"]
[EventRounds "9"]
[EventCountry "YUG"]
[SourceTitle "CBM 119 Extra"]
[Source "ChessBase"]
[SourceDate "2007.09.04"]
[SourceVersion "1"]
[SourceVersionDate "2007.09.04"]
[SourceQuality "1"]

1. d4 g6 2. Nf3 Bg7 3. g3 Nf6 4. Bg2 0-0 5. c4 d6 6. Nc3 Nbd7 7. h3 e5 8. e4 exd4 9. Nxd4 Re8 10. Be3 Nc5 11. Qc2 a5 12. 0-0 Nfd7 13. Rad1 Ne5 14. b3 c6 15. Nde2 Qc7 16. f4 Ned7 17. Qd2 Bf8 18. f5 Ne5 19. Bh6 Bxh6 20. Qxh6 Qe7 21. f6 Qf8 22. Qxf8+ Kxf8 23. Rxd6 a4 24. Nc1 axb3 25. axb3 Ra3 26. Rfd1 Nxb3 27. Nb1 Ra8 28. Nxb3 Nxc4 29. Rd8 Ne3 30. Rxe8+ Kxe8 31. Rd3 Nxg2 32. Kxg2 b6 33. N1d2 c5 34. Nc4 Be6 35. Nbd2 Ra2 36. Kf3 Bxh3 37. Nxb6 h5 38. Ndc4 Bg4+ 39. Ke3 Ra1 40. Rd5 Re1+ 41. Kf4 Be6 42. Rxc5 Re2 43. Rc7 1-0

[Event "Senta op-A 11th"]
[Site "Senta"]
[Date "2007.07.23"]
[Round "4"]
[White "Simonyi, Zoltan"]
[Black "Ikras, Djura"]
[Result "1-0"]
[WhiteElo "2230"]
[BlackElo "2126"]
[PlyCount "75"]
[EventDate "2007.07.21"]
[EventType "swiss"]
[EventRounds "9"]
[EventCountry "YUG"]
[SourceTitle "CBM 119 Extra"]
[Source "ChessBase"]
[SourceDate "2007.09.04"]
[SourceVersion "1"]
[SourceVersionDate "2007.09.04"]
[SourceQuality "1"]

1. d4 g6 2. c4 Bg7 3. e4 d6 4. Nc3 Nf6 5. Be2 0-0 6. Nf3 e5 7. 0-0 Na6 8. Re1 c6 9. Bf1 Qe8 10. d5 cxd5 11. cxd5 Nc7 12. Nd2 Ng4 13. f3 Nh6 14. Nc4 Qe7 15. g4 f6 16. Be3 Nf7 17. Qd2 f5 18. exf5 gxf5 19. h3 Ne8 20. Rac1 h5 21. gxh5 Qh4 22. f4 Bd7 23. Re2 b5 24. Na5 b4 25. Nd1 Nf6 26. Rg2 Qxh5 27. Rc7 Rfc8 28. Rxc8+ Rxc8 29. Nf2 Kh8 30. Be2 Qh4 31. Qxb4 Nxd5 32. Qd2 Nxe3 33. Qxe3 Be6 34. fxe5 dxe5 35. Nb3 f4 36. Qe4 Ng5 37. Qg6 Bf6 38. Qxf6+ 1-0

[Event "Senta op-A 10th"]
[Site "Senta"]
[Date "2006.07.26"]
[Round "7"]
[White "Ikras, Djura"]
[Black "Rogac, Srdjan"]
[Result "1/2-1/2"]
[WhiteElo "2138"]
[BlackElo "2329"]
[PlyCount "47"]
[EventDate "2006.07.21"]
[EventType "swiss"]
[EventRounds "9"]
[EventCountry "YUG"]
[SourceTitle "CBM 113 Extra"]
[Source "ChessBase"]
[SourceDate "2006.09.14"]
[SourceVersion "1"]
[SourceVersionDate "2006.09.14"]
[SourceQuality "1"]

1. d4 Nf6 2. c4 e6 3. Nf3 Bb4+ 4. Bd2 Qe7 5. g3 0-0 6. Bg2 Bxd2+ 7. Nbxd2 d6 8. 0-0 e5 9. e4 Bg4 10. d5 c6 11. b4 a5 12. a3 Na6 13. Qb3 axb4 14. axb4 c5 15. b5 Nb4 16. h3 Bxf3 17. Bxf3 Rfb8 18. Ra4 b6 19. Rfa1 Qb7 20. Nf1 g6 21. Ne3 Kg7 22. Bg2 Ne8 23. h4 Nf6 24. f3 1/2-1/2

[Event "Senta op-A 10th"]
[Site "Senta"]
[Date "2006.07.24"]
[Round "5"]
[White "Ikras, Djura"]
[Black "Miljkovic, Mihajlo"]
[Result "1-0"]
[WhiteElo "2138"]
[BlackElo "2280"]
[PlyCount "89"]
[EventDate "2006.07.21"]
[EventType "swiss"]
[EventRounds "9"]
[EventCountry "YUG"]
[SourceTitle "CBM 113 Extra"]
[Source "ChessBase"]
[SourceDate "2006.09.14"]
[SourceVersion "1"]
[SourceVersionDate "2006.09.14"]
[SourceQuality "1"]

1. d4 d5 2. c4 e6 3. Nc3 Nf6 4. Nf3 Nbd7 5. cxd5 exd5 6. Bg5 c6 7. e3 Be7 8. Bd3 0-0 9. Qc2 Re8 10. h3 Nf8 11. 0-0 Be6 12. Ne5 N6d7 13. Bxe7 Qxe7 14. f4 f6 15. Nf3 Bf7 16. Rae1 c5 17. Qf2 Qd6 18. f5 cxd4 19. exd4 a6 20. Nh2 b5 21. Rxe8 Rxe8 22. Ng4 Nb8 23. a4 b4 24. Ne2 b3 25. Qg3 Qxg3 26. Nxg3 h5 27. Nh2 Re3 28. Rf3 Re7 29. Rf1 Re3 30. Rf3 Re7 31. Rf1 Rb7 32. Nf3 Rb4 33. Ra1 h4 34. Ne2 Bh5 35. Kf2 Bxf3 36. Kxf3 Nh7 37. Ke3 Rb7 38. Rc1 Ng5 39. Rc8+ Kf7 40. Nc3 Re7+ 41. Kd2 Re8 42. Rxe8 Kxe8 43. Nxd5 Kd7 44. Kc3 Kd6 45. Nf4 1-0

[Event "Bajmok 10th"]
[Site "Bajmok"]
[Date "2001.02.07"]
[Round "13"]
[White "Smolovic, Mile"]
[Black "Ikras, Djura"]
[Result "1-0"]
[WhiteElo "2390"]
[BlackElo "2175"]
[PlyCount "107"]
[EventDate "2001.01.26"]
[EventType "tourn"]
[EventRounds "13"]
[EventCountry "YUG"]
[EventCategory "4"]
[SourceTitle "CBM 080 Extra"]
[Source "ChessBase"]
[SourceDate "2001.03.08"]
[SourceVersion "1"]
[SourceVersionDate "2001.03.08"]
[SourceQuality "1"]

1. e4 d6 2. g3 g6 3. Bg2 Bg7 4. Ne2 Nf6 5. Nbc3 0-0 6. 0-0 e5 7. h3 c6 8. f4 Na6 9. d3 Nc7 10. g4 h5 11. g5 Nh7 12. h4 f5 13. fxe5 dxe5 14. exf5 Bxf5 15. Be3 Nd5 16. Nxd5 cxd5 17. c4 d4 18. Bf2 Qd7 19. Ng3 Bg4 20. Qe1 Bf3 21. Ne4 Qg4 22. Bg3 Rf5 23. Bxf3 Rxf3 24. Rxf3 Qxf3 25. Qd1 Qe3+ 26. Kg2 Rf8 27. Bf2 Qf4 28. Qe2 Qf5 29. Bg3 Qe6 30. b4 Rf5 31. Nc5 Qe7 32. a3 Nf8 33. Rf1 b6 34. Ne4 Rxf1 35. Qxf1 Nd7 36. Qc1 Qe6 37. Qd1 Qe7 38. Qa4 Nf8 39. Qb5 Qe6 40. c5 bxc5 41. Qxc5 Qa2+ 42. Kf3 Qxa3 43. Qc4+ Kh8 44. Nf6 Bxf6 45. gxf6 Qc3 46. Ke4 Qxc4 47. dxc4 Nd7 48. c5 Nxf6+ 49. Kxe5 d3 50. Bf4 Kg7 51. Ke6 Ne8 52. c6 Nc7+ 53. Kd7 Nd5 54. c7 1-0

[Event "Bajmok 10th"]
[Site "Bajmok"]
[Date "2001.01.31"]
[Round "6"]
[White "Kizov, Atanas"]
[Black "Ikras, Djura"]
[Result "1-0"]
[WhiteElo "2363"]
[BlackElo "2175"]
[PlyCount "57"]
[EventDate "2001.01.26"]
[EventType "tourn"]
[EventRounds "13"]
[EventCountry "YUG"]
[EventCategory "4"]
[SourceTitle "CBM 080 Extra"]
[Source "ChessBase"]
[SourceDate "2001.03.08"]
[SourceVersion "1"]
[SourceVersionDate "2001.03.08"]
[SourceQuality "1"]

1. d4 Nf6 2. Nf3 g6 3. g3 Bg7 4. Bg2 0-0 5. 0-0 d6 6. b3 c6 7. Bb2 Nbd7 8. Nbd2 Re8 9. e4 e5 10. Re1 Qc7 11. a4 a5 12. Nc4 b5 13. axb5 cxb5 14. dxe5 dxe5 15. Nd6 Re6 16. Nxb5 Qb6 17. c4 Ba6 18. Nc3 Bxc4 19. bxc4 Qxb2 20. Nb5 Rc6 21. Rb1 Qa2 22. Bf1 Nb6 23. Nxe5 Re6 24. f4 Rc8 25. Re2 Qa4 26. Qxa4 Nxa4 27. Bh3 Nc5 28. Bxe6 Nxe6 29. Nd6 1-0

[Event "Bajmok 10th"]
[Site "Bajmok"]
[Date "2001.01.29"]
[Round "4"]
[White "Kovac, Zoltan"]
[Black "Ikras, Djura"]
[Result "0-1"]
[WhiteElo "2158"]
[BlackElo "2175"]
[PlyCount "130"]
[EventDate "2001.01.26"]
[EventType "tourn"]
[EventRounds "13"]
[EventCountry "YUG"]
[EventCategory "4"]
[SourceTitle "CBM 080 Extra"]
[Source "ChessBase"]
[SourceDate "2001.03.08"]
[SourceVersion "1"]
[SourceVersionDate "2001.03.08"]
[SourceQuality "1"]

1. d4 Nf6 2. c4 g6 3. Nc3 Bg7 4. e4 d6 5. Nf3 0-0 6. Be2 Na6 7. 0-0 e5 8. d5 Nc5 9. Qc2 a5 10. b3 h6 11. Bb2 Ne8 12. Nd2 f5 13. f3 Nf6 14. a3 Nh5 15. Rfe1 Qg5 16. Bf1 Bd7 17. b4 axb4 18. axb4 Rxa1 19. Bxa1 Na6 20. Na2 Nf6 21. Bc3 h5 22. Qd3 h4 23. Qe3 Qh5 24. c5 fxe4 25. fxe4 Bh6 26. Qe2 Bg4 27. Qb5 Bc8 28. Nc1 Ng4 29. Nd3 Be3+ 30. Kh1 Qg5 31. Nf3 Qh6 32. cxd6 cxd6 33. Qc4 Bd7 34. Qa2 Bb5 35. h3 Bxd3 36. hxg4 Bxf1 37. Rxf1 Bf4 38. Qf2 Bg3 39. Qd2 Bf4 40. Qf2 h3 41. Qh4 hxg2+ 42. Kxg2 Qxh4 43. Nxh4 Kg7 44. b5 Nc5 45. Nf5+ gxf5 46. Rxf4 Nxe4 47. Ba1 Nf6 48. Rxf5 Nxd5 49. Bxe5+ dxe5 50. Rxe5 Rd8 51. g5 Rd7 52. Kf3 Ne7 53. Ke4 Kf7 54. Ke3 Rd6 55. Ke4 b6 56. Ke3 Nd5+ 57. Kd4 Nc7+ 58. Kc4 Re6 59. Rf5+ Kg6 60. Rf8 Kxg5 61. Rf7 Ne8 62. Kd5 Rd6+ 63. Ke5 Rg6 64. Re7 Nd6 65. Rd7 Nxb5 0-1